Las bolsas de valores (Record no. 7066)

MARC details
000 -CABECERA
campo de control de longitud fija 00925nam a2200253 a 4500
001 - NÚMERO DE CONTROL
campo de control BRCA_7390
005 - FECHA Y HORA DE LA ÚLTIMA TRANSACCIÓN
campo de control 20190320205823.0
008 - DATOS DE LONGITUD FIJA--INFORMACIÓN GENERAL
campo de control de longitud fija 220313s1944----mx-#######---#000-0#spa-#
041 ## - CÓDIGO DE LENGUA
Código de lengua del texto/banda sonora o título independiente spa
044 ## - CÓDIGO DEL PAÍS DE LA ENTIDAD EDITORA/PRODUCTORA
Código MARC del país mx
050 #4 - SIGNATURA TOPOGRÁFICA DE LA BIBLIOTECA DEL CONGRESO
Número de clasificación HG4551
Número de documento/Ítem .L67 1944
100 1# - ENTRADA PRINCIPAL--NOMBRE DE PERSONA
Nombre de persona Lopez Bermudez, Alfonso
9 (RLIN) 18240
245 10 - MENCIÓN DE TÍTULO
Título Las bolsas de valores
Resto del título sus operaciones
Mención de responsabilidad, etc. Alfonso Lopez Bermudez.
260 ## - PUBLICACIÓN, DISTRIBUCIÓN, ETC.
Lugar de publicación, distribución, etc. México
Nombre del editor, distribuidor, etc. UNAM, Facultad de Derecho y Ciencias Sociales. Escuela Nacional de Jurisprudencia
Fecha de publicación, distribución, etc. 1944
300 ## - DESCRIPCIÓN FÍSICA
Extensión 59 p.
500 ## - NOTA GENERAL
Nota general Tesis inventariada por Banco de México como libro
500 ## - NOTA GENERAL
Nota general Q100
502 ## - NOTA DE TESIS
Nota de tesis Tesis (Lic. en Derecho) UNAM, Facultad de Derecho y Ciencias Sociales. Escuela Nacional de Jurisprudencia
650 14 - PUNTO DE ACCESO ADICIONAL DE MATERIA--TÉRMINO DE MATERIA
Término de materia o nombre geográfico como elemento de entrada Bolsa de valores
9 (RLIN) 14984
650 14 - PUNTO DE ACCESO ADICIONAL DE MATERIA--TÉRMINO DE MATERIA
Término de materia o nombre geográfico como elemento de entrada Inversiones
9 (RLIN) 14435
710 2# - PUNTO DE ACCESO ADICIONAL--NOMBRE DE ENTIDAD CORPORATIVA
Nombre de entidad corporativa o nombre de jurisdicción como elemento de entrada UNAM, Facultad de Derecho y Ciencias Sociales. Escuela Nacional de Jurisprudencia
9 (RLIN) 18241
902 ## - CATALOGADOR
Iniciales GFM
942 ## - ELEMENTOS DE PUNTO DE ACCESO ADICIONAL (KOHA)
Fuente del sistema de clasificación o colocación Library of Congress Classification
Tipo de ítem Koha Libros
Holdings
Estado de retiro Estado de pérdida Estado dañado No para préstamo Localización permanente Ubicación/localización actual Fecha de adquisición Número de inventario Total de préstamos Signatura topográfica completa Código de barras Fecha visto por última vez Precio válido a partir de Tipo de ítem Koha
El ejemplar forma parte de la colección y puede ser consultado según las políticas vigentes.       Biblioteca del Museo Franz Mayer (Rogerio Casas-Alatriste) Biblioteca del Museo Franz Mayer (Rogerio Casas-Alatriste) 22/03/2013 Q100   HG4551 .L67 1944 (Q100) 7993 22/03/2019 22/03/2019 Libros